Statistiken für Alle Feuer-Pokemon

Klicken Sie hier um das Quiz zu spielen!

Allgemein

  • Dieses Quiz wurde 382 mal gespielt
    (135 seit der letzten Aktualisierung)
  • Das Durchschnittsergebnis liegt bei 54 aus 80

Antwortstatistiken

Pokedex-NummerPokemon2. Typ% Korrekt
006GlurakFlug
99%
005Glutexo
97%
146LavadosFlug
97%
004Glumanda
95%
059Arkani
91%
058Fukano
91%
078Gallopa
90%
155Feurigel
88%
257LohgockKampf
88%
126Magmar
88%
077Ponita
88%
255Flemmli
87%
390Panflam
87%
136Flamara
85%
256JungglutKampf
85%
392PanfernoKampf
85%
391PanpyroKampf
85%
157Tornupto
85%
038Vulnona
85%
156Igelavar
84%
037Vulpix
84%
244Entei
78%
229HundemonUnlicht
78%
607LichtelGeist
78%
467Magbrant
78%
250Ho-OhFlug
77%
323CameruptBoden
76%
228HundusterUnlicht
76%
609SkelabraGeist
75%
322CamaubBoden
74%
240Magby
74%
324Qurtel
74%
218Schneckmag
74%
663FiaroFlug
73%
498Floink
73%
727FuegroUnlicht
73%
219MagcargoGestein
73%
485HeatranStahl
72%
500FlambirexKampf
71%
608LaternectoGeist
71%
499FerkokelKampf
70%
653Fynx
70%
662DartignisFlug
69%
725Flamiau
69%
643ReshiramDrache
69%
655FennexisPsycho
66%
494VictiniPsycho
66%
721VolcanionWasser
66%
726Miezunder
65%
637RamothKäfer
65%
654Rutena
65%
555Flampivian
61%
668PyroleoNormal
61%
758AmfiraGift
60%
554Flampion
60%
815Liberlo
60%
757MolunkGift
60%
513Grillmak
59%
667LeufeoNormal
59%
813Hopplo
58%
636IgnivorKäfer
58%
514Grillchita
57%
814Kickerlo
54%
851InfernopodKäfer
52%
631Furnifraß
51%
776TortunatorDrache
51%
838WagongGestein
51%
911SkelokrokGeist
48%
850ThermopodKäfer
48%
741ChoreogelFlug
47%
839MontecarboGestein
47%
909Krokel
46%
806KopplosioGeist
43%
910Lokroko
35%
1004YuyuUnlicht
32%
937AzugladisGeist
31%
994EisenfalterGift
28%
952HalupenjoPflanze
28%
936CrimanzoPsycho
24%
935Knarbon
23%

Verteilung der Resultate

Perzentil nach korrekt beantworteten Fragen

Anzahl Personen mit jedem Resultat

Ihre Resultats-Entwicklung

Sie haben dieses Quiz seit der letzten Aktualisierung nicht gespielt